000 00465nam a2200193 a 4500
001 1757421380523
003 ACL
005 20250909180908.0
008 250909s2005##################000#0#eng##
020 _a9781405308267
082 0 4 _a791.4372
_bSAX
100 1 _aSaxton, Curtis,
_eauthor.
245 1 0 _aStar Wars :
260 _bGardners Books,
_c2005.
300 _a32 pages
650 0 _aJuvenile Nonfiction.
942 _cENGLISH
040 _aACL
_beng
_cACL
999 _c586276
_d586276